000 00286nam a22001337a 4500
008 170602b xxu||||| |||| 00| 0 eng d
020 _a0395206650
041 _aeng
080 _a94
100 _a17
101 _aSHH
245 _aTHE RISE OF MODERN JAPAN
_cDUSS,P
942 _2udc
_cBK
999 _c15729
_d15729